00390nam a2200157 4500020001800000082002700018100001400045245006800059260003500127300001000162650001500172650001000187650001600197650001000213650000900223 a9788196813826 aM 782.421649092bMAN/V aManoj M B aVedan:bnavasamskarithayude pattum rashtreeyavum/cby Manoj M B aThrissur:bGadha books,c2025. a199p. aRamp Music aSongs aVocal music aMusic aArts